360 Degree Brand in Asia: creating more effective marketing communications (Record no. 1285696)

MARC details
000 -LEADER
fixed length control field 00595nam a2200193Ia 4500
005 - DATE AND TIME OF LATEST TRANSACTION
control field 20250326140421.0
008 - FIXED-LENGTH DATA ELEMENTS--GENERAL INFORMATION
fixed length control field 250326s9999 xx 000 0 und d
020 ## - INTERNATIONAL STANDARD BOOK NUMBER
International Standard Book Number 0-470-82057-8
037 ## - SOURCE OF ACQUISITION
Stock number Textbook
040 ## - CATALOGING SOURCE
Original cataloging agency FMSL
Language of cataloging eng
Transcribing agency FMSL
041 ## - LANGUAGE CODE
Language code of text/sound track or separate title eng
Source of code eng
084 ## - COLON CLASSIFICATION NUMBER
Classification number X:513.4 P3
Assigning agency FMSL
100 ## - MAIN ENTRY--PERSONAL NAME
Personal name Blair M
9 (RLIN) 742309
245 #0 - TITLE STATEMENT
Title 360 Degree Brand in Asia: creating more effective marketing communications
Statement of responsibility, etc. Blair M; Armstrong R And Others
260 ## - PUBLICATION, DISTRIBUTION, ETC.
Place of publication, distribution, etc. USA
Name of publisher, distributor, etc. USA, John Wiley & Sons Ltd.
Date of publication, distribution, etc. 2003
300 ## - PHYSICAL DESCRIPTION
Extent 215p
942 ## - ADDED ENTRY ELEMENTS (KOHA)
Koha item type Textbook
Classification part X:513.4 P3
Holdings
Withdrawn status Lost status Damaged status Not for loan Home library Current library Date acquired Total Checkouts Full call number Barcode Date last seen Price effective from Koha item type
        Faculty of Management Library Faculty of Management Library 2025-03-26   X:513.4 P3 ML1265689 2025-03-26 2025-03-26 Textbook
Copyright @ Delhi University Library System